Lord Huron - Son of a gun lyrics - Statistics

General Stats
  • This quiz has been taken 8 times
  • The average score is 225 of 246
Answer Stats
Answer % Correct
a
100%
all
100%
alone
100%
and
100%
And
100%
been
100%
born
100%
by
100%
came
100%
chance
100%
dust
100%
ever
100%
fell
100%
find
100%
finds
100%
for
100%
fun
100%
girl
100%
grass
100%
gun
100%
he
100%
He
100%
her
100%
herself
100%
him
100%
his
100%
in
100%
know
100%
lie
100%
little
100%
looking
100%
love
100%
make
100%
man
100%
never
100%
of
100%
Oh
100%
on
100%
one
100%
pleasure
100%
pretty
100%
rambling
100%
ready
100%
regret
100%
run
100%
saw
100%
she
100%
son
100%
steal
100%
that
100%
the
100%
their
100%
them
100%
there
100%
thoughts
100%
time
100%
to
100%
took
100%
town
100%
was
100%
when
100%
When
100%
who
100%
will
100%
wind
100%
with
100%
would
100%
young
100%
afoul
75%
around
75%
asked
75%
away
75%
between
75%
but
75%
carried
75%
cloud
75%
come
75%
day
75%
decided
75%
done
75%
go
75%
great
75%
he'd
75%
imagine
75%
it
75%
just
75%
law
75%
left
75%
Lying
75%
made
75%
not
75%
only
75%
places
75%
promise
75%
she'd
75%
story
75%
thief
75%
wasn't
75%
Well
75%
cruising
50%
promised
50%
sun
50%
before
25%
driving
25%
headed
25%
into
25%
long
25%
out
25%
pulled
25%
ran
25%
They
25%
west
25%
No matching quizzes found
Score Distribution
Percent of People with Each Score
Percentile by Number Answered
Your Score History
You have not taken this quiz